Geography Quiz

Random Geography or State Quiz

Borders Graph - United States Quiz Stats

 Plays Quiz not verified by Sporcle

Score 0/50 Timer 15:00
0 Plays Today
# State % Correct
36*Hawaii
89.9%
33*Alaska
88.9%
1Texas
82.6%
7Virginia
81.4%
42New York
80.5%
8Maryland
80%
10New Jersey
80%
25Maine
79.8%
9Delaware
79.7%
11Vermont
79.6%
27New Hampshire
79.5%
26Pennsylvania
79.1%
5Georgia
78.8%
29Massachusetts
78.8%
3Mississippi
78.5%
4Florida
78.3%
2Arkansas
78.2%
24West Virginia
77.5%
6South Carolina
77.2%
22Tennessee
76.9%
21Alabama
76.5%
23North Carolina
76.5%
38Connecticut
75.4%
19New Mexico
74.5%
20Louisiana
73.8%
# State % Correct
48Rhode Island
73.6%
18Oklahoma
72.9%
39Kentucky
71.5%
50Ohio
71.4%
17Arizona
71.2%
16Nevada
70.4%
15Oregon
70.3%
31Idaho
70.1%
34Colorado
69.2%
32California
68.9%
30Washington
68%
13North Dakota
65.9%
45Utah
65.8%
12Minnesota
65.5%
40Indiana
65.5%
44South Dakota
65%
14Montana
64.8%
41Michigan
64.6%
28Wisconsin
64.1%
46Wyoming
64%
37Missouri
62.8%
49Illinois
62.1%
43Iowa
62%
35Kansas
61.3%
47Nebraska
59.3%

You're not logged in!

Compare scores with friends on all Sporcle quizzes.
OR
Log In

Show Comments

Extras

Top Quizzes Today


Score Distribution

Your Account Isn't Verified!

In order to create a playlist on Sporcle, you need to verify the email address you used during registration. Go to your Sporcle Settings to finish the process.

Report this User

Report this user for behavior that violates our Community Guidelines.

Details: